000 01190nam a2200337 4500
003 OSt
005 20260601193403.0
008 260421b1972 enka|||| |||| 00| 0 eng d
040 _aICI
_bspa
_cICI
050 _aNC998.5.
_bP46 1972
100 1 _aFletcher, Alan,
_d1931-2006
_935221
245 1 _aPentagram :
_bthe work of five designers
250 _a1a edición
260 _aLondon
_bLund Humphries
_c1972
300 _a1 volumen (varias páginas)
_c20cm.
336 _atexto
_2rdacontent
337 _asin medio
_2rdamedia
338 _avolumen
_2rdacarrier
500 _aObra que documenta el trabajo del colectivo de diseño Pentagram.
610 _aPentagram (Firma de diseño)
_935222
650 _aDiseño gráfico
_xHistoria
_ySiglo XX.
_935223
650 _aDiseño industrial
_xHistoria
_ySiglo XX.
_935224
650 _aDiseñadores
_xTrabajo colectivo.
_935225
700 1 _aFletcher, Alan,
_d1931-2006
_935221
700 1 _aForbes, Colin,
_d1924-2004
_935226
700 1 _aKurlansky, Mervyn,
_d1933-2013
_935227
700 1 _aCrosby, Theo,
_d1925-1994
_935228
700 1 _aGrange, Kenneth,
_d1929-
_935229
710 _aPentagram (Firma de diseño)
_935222
942 _2lcc
_cB
999 _c21048
_d21048